La discographie de Terrenoire - Statistiques

Statistiques générales
  • Ce quiz a été pris 11 fois
    6 depuis la dernière actualisation
  • Le résultat moyen est 13 sur 37
Statistiques - réponses
Album Chanson % Correct
protégé.e (2025) alma
100%
protégé.e (2025) le fou dans la voiture
100%
protégé.e (2025) protégé.e
100%
Les Forces Contraires (2020) Ça va aller
67%
Les Forces Contraires : La Mort et La Lumière (2022) Je veux du courage
67%
Les Forces Contraires (2020) Jusqu'à mon dernier souffle
67%
Les Forces Contraires : La Mort et La Lumière (2022) L'alcool et la fumée
67%
Terrenoire (2018) La nuit des parachutes
67%
Les Forces Contraires (2020) Mon âme sera vraiment belle pour toi
67%
protégé.e (2025) pleurer devant la beauté
67%
protégé.e (2025) un chien sur le port
67%
Les Forces Contraires : La Mort et La Lumière (2022) 60 falaises
33%
Les Forces Contraires (2020) Baise-Moi
33%
Les Forces Contraires (2020) Derrière le soleil
33%
protégé.e (2025) ton territoire
33%
protégé.e (2025) god save zinédine
33%
protégé.e (2025) hotline gorgone
33%
Les Forces Contraires (2020) La fin du monde
33%
Terrenoire (2018) La pianiste
33%
Les Forces Contraires : La Mort et La Lumière (2022) L'infini
33%
Les Forces Contraires (2020) Margot dansait sur moi
33%
Les Forces Contraires : La Mort et La Lumière (2022) Misère !
33%
Les Forces Contraires : La Mort et La Lumière (2022) Se revoir
33%
protégé.e (2025) ton corps de daronne
33%
protégé.e (2025) vivre sobrement
33%
Terrenoire (2018) Allons là-bas
0%
protégé.e (2025) avancer
0%
Les Forces Contraires (2020) Dis-moi comment faire
0%
Terrenoire (2018) Je bois tout seul
0%
Les Forces Contraires (2020) Là où elle est
0%
protégé.e (2025) le bons sens
0%
Terrenoire (2018) Le cœur en latex
0%
protégé.e (2025) le jour où tout s'est ouvert
0%
Terrenoire (2018) Le silence
0%
Les Forces Contraires : La Mort et La Lumière (2022) Les météores
0%
Les Forces Contraires (2020) Le temps de revenir à la vie
0%
protégé.e (2025) paris, la grande ville
0%
Aucun quiz correspondant
Distribution des résultats
% des personnes avec chaque résultat
Percentile par nombre de réponses
Votre historique - résultats
Vous n’avez pas pris ce quiz depuis la dernière actualisation